00776 a2200217 4500010001400000020002300014035001300037037001800050082001100068090001500079100002100094245005000115260004600165270011500211300002900326650001600355650001500371942002600386999001500412952013100427 aENG-85309 a8189233467c450.00 aEN-68842 bD.B.Act / Pub14a230.61 c2022d20221 aSher, Syed Osman1 aReligion, God, and Islamcby Syed Osman Sher. aNew Delhi :bRegency Publications,c2006. a20/36-G, West Patel NagarbNew Delhie110 008k011-42484101, 011-65462898l011-25884571mregency@satyam.net.in ax, 188 p.c22 cm. (Pbk.) 0aGod (Islam) 0aReligions. adplcENk230.61 / SYE c1988d1988 00102ddc40718NFICaDBADbDBADeDBAD/PUBg450.00l0o230.61pEN-68842r2008-09-15 00:00:00t1u2102v450.00w2008-09-15yEN